[Event "LXVII C.to Italiano"]
[Site "Martina Franca ITA"]
[Date "2007.11.25"]
[Round "3"]
[White "Borgo, Giulio"]
[Black "Caruana, Fabiano"]
[Result "0-1"]
[WhiteElo "2440"]
[BlackElo "2594"]
[PlyCount "145"]
[EventDate "2007.11.23"]

1. c4 Nf6 2. Nf3 e6 3. g3 a6 4. Bg2 b5 5. b3 c5 6. d3 Bb7 7. O-O Be7 8. a4 Nc6
9. Bb2 bxc4 10. bxc4 Rb8 11. Nbd2 O-O 12. Bc3 Nb4 13. Ne1 Bxg2 14. Kxg2 Qc7 15.
Ndf3 Rb7 16. Nc2 Rfb8 17. Ne3 d6 18. Qd2 Nc6 19. Rfc1 Nd7 20. Ng4 f5 21. Ne3
Nde5 22. Nxe5 dxe5 23. Nd1 Nd4 24. Bxd4 Qc6+ 25. f3 exd4 26. Rc2 Rb4 27. a5 Bd8
28. Rca2 h6 29. h4 Bc7 30. e4 dxe3 31. Qxe3 Qd6 32. f4 Bd8 33. Re2 Bf6 34. Raa2
Rb1 35. Rad2 Qc6+ 36. Qf3 Qd7 37. Qe3 Kf7 38. Qf3 Ra1 39. Nf2 Bd4 40. Ra2 Rbb1
41. Rxa1 Rxa1 42. g4 Rxa5 43. gxf5 exf5 44. Nh1 Bf6 45. Ng3 Ra3 46. Re3 Kg8 47.
Qa8+ Kf7 48. h5 Rxd3 49. Rxd3 Qxd3 50. Qxa6 Qd2+ 51. Kf3 Qd7 52. Qb5 Qc8 53.
Kg2 Bh4 54. Kh3 Bxg3 55. Kxg3 Qc7 56. Qa6 Qd7 57. Qa3 Qd4 58. Qa7+ Kg8 59. Qa8+
Kh7 60. Qd5 Qg1+ 61. Kf3 Qg4+ 62. Ke3 Qg3+ 63. Qf3 Qg1+ 64. Qf2 Qc1+ 65. Kd3
Qa3+ 66. Ke2 Qa2+ 67. Ke1 Qxc4 68. Qg3 Qe6+ 69. Kd2 Qf7 70. Qf3 Qa2+ 71. Kc1
Qh2 72. Kb1 Qg1+ 73. Kc2 0-1

[Event "LXVII C.to Italiano"]
[Site "Martina Franca ITA"]
[Date "2007.12.02"]
[Round "9"]
[White "Bruno, Fabio"]
[Black "Garcia Palermo, Carlos Horacio"]
[Result "1/2-1/2"]
[WhiteElo "2445"]
[BlackElo "2459"]
[PlyCount "85"]
[EventDate "2007.11.23"]

1. Nf3 Nf6 2. c4 b6 3. g3 Bb7 4. Bg2 e6 5. d4 Bb4+ 6. Bd2 c5 7. O-O Bxd2 8.
Qxd2 cxd4 9. Qxd4 Nc6 10. Qf4 Qb8 11. Qxb8+ Rxb8 12. Nc3 Ke7 13. Rfd1 d6 14.
Rd2 Rhd8 15. Rad1 a6 16. b3 Nb4 17. Nd4 Bxg2 18. Kxg2 Rbc8 19. Na4 Nd7 20. e3
Nc6 21. Nxc6+ Rxc6 22. Nb2 b5 23. cxb5 axb5 24. Nd3 d5 25. Nb4 Rc7 26. Rd4 f5
27. Rxd5 exd5 28. Nxd5+ Kd6 29. Nxc7+ Kxc7 30. Rd5 b4 31. Rxf5 Ra8 32. Rb5 Rxa2
33. Rxb4 Kd6 34. h4 Rb2 35. h5 Nf6 36. Rb7 Nxh5 37. g4 Nf6 38. Rxg7 Ne4 39.
Rxh7 Rxf2+ 40. Kg1 Rb2 41. Rh6+ Ke5 42. Rh5+ Kd6 43. Rh6+ 1/2-1/2